1832 1168 1529 1869 1409 1324 1540 1142 1994 1331 1114 1938 1938 1908 1389 1761 1626 1740 1864 1099 1525 1082 1532 1935 1573 1589 1609 1451 1604 1017 1803 1215 1708 1583 1564 1845 1106 1154 1152 1162 1354 1413 1279 1510 1224 1877 1305 1455 1046 1586 1721 1700 1358 1465 1943 1235 1379 1259 1514 1541 1297 1765 1510 1616 1257 1167 1632 1805 1722 1500 1896 1961 1384 1934 1991 1635 1893 1890 1619 1960 1708 1854 1995 1331 1927 1381 1566 1098 1562 1848 1506 1839 1882 1802 1235 1377 1889 1284 1890 BCNSPRNW ULIB Ver.6.0+V

เปลี่ยนเป็นภาษาไทย

Change to English
 แสดงรายละเอียดบรรณานุกรม
  กลับหน้าหลัก

Brief Record : Get Marc (ISO 2709) : E-mail record : QR code < ปิดหน้าต่าง
LEADER : 00000nam 2200000uu 4500
001    13399108395
003     ULIB
008    110302s2552||||th 000 0 tha d
020    9789742913153(ล.1)
060 04 WY100^bพ361น ล.1 2552
245 00 แนวคิดพื้นฐานและหลักการพยาบาล^nเล่ม 1 /^cบรรณาธิการ,อภิญญา เพียรพิจารณ์
250    พิมพ์ครั้งที่ 9
260    นนทบุรี :^bโครงการสวัสดิการวิชาการ สถาบันพระบรมราชชนก,^c2552
300    [20], 369 หน้า :^bภาพประกอบ ;^c26 ซม.
650  7 การพยาบาล
650  7 การพยาบาลเบื้องต้น
700 0  อภิญญา เพียรพิจารณ์,^eบรรณาธิการ
710 2  สถาบันพระบรมราชชนก. ^bโครงการสวัสดิการวิชาการ
945    ^p190^l0^i028217
945    ^p190^l0^i028215
945    ^p190^l0^i028214
945    ^p190^l0^i028213
945    ^p190^l0^i028212
945    ^p190^l0^i028216
945    ^p190^l0^i028211
995    ทศพร
999 ^a ใช้งานได้ทุกระบบ
รายการนี้ยังไม่มีแท็ก
คุณยังไม่ได้ล็อกอิน คุณสามารถมีกิจกรรมร่วมกับเว็บไซต์ได้ แต่ต้องล็อกอินก่อน ::
  ล็อกอิน

รายการสื่อสารสนเทศ

ลำดับที่ ประเภท เลขเรียก/บาร์โค้ด สถานที่ สถานะ
- ไม่พบข้อมูล -

รายการใกล้เคียง
    หัวเรื่อง [การพยาบาล]
    หัวเรื่อง [การพยาบาลเบื้องต้น]

BibComment


ยังไม่เคยถูกคอมเมนท์

คอมเมนท์ทรัพยากรรายการนี้
  คอมเมนท์: แนวคิดพื้นฐานและห..


 Copyright 2026. Bcnsprnw @Library